Winning at IELTS: Speaking
v.v...
Đã lưu trong:
| Tác giả chính: | |
|---|---|
| Định dạng: | Sách |
| Năm xuất bản: |
TP.Hồ Chí Minh:
Nxb Tổng hợp TP. Hồ Chí Minh,
2015
|
| Chủ đề: | |
| Tags: |
Thêm thẻ
Không có thẻ, Hãy là người đầu tiên gắn thẻ bản ghi này!
|
| LEADER | 00864nam a2200169 4500 | ||
|---|---|---|---|
| 082 | |a 428.3 |b R400B | ||
| 100 | |a Robinson, Dave | ||
| 245 | |a Winning at IELTS: |b Speaking |c Dave Robinson | ||
| 260 | |a TP.Hồ Chí Minh: |b Nxb Tổng hợp TP. Hồ Chí Minh, |c 2015 | ||
| 300 | |a 158tr.; |c 26cm. | ||
| 520 | |a v.v... | ||
| 653 | |a Tiếng Anh-Cách nói | ||
| 942 | |2 ddc |c STK0 | ||
| 999 | |c 12828 |d 12828 | ||
| 952 | |0 0 |1 0 |2 ddc |4 0 |6 428_300000000000000_R400B |7 0 |8 400 |9 106065 |a qbu |b qbu |c D4 |d 2016-04-05 |g 158000 |o 428.3 R400B |p 11842.c1 |r 0000-00-00 |w 2016-04-05 |y STK0 | ||
| 952 | |0 0 |1 0 |2 ddc |4 0 |6 428_300000000000000_R400B |7 0 |8 400 |9 106066 |a qbu |b qbu |c D4 |d 2016-04-05 |g 158000 |o 428.3 R400B |p 11842.c2 |r 0000-00-00 |w 2016-04-05 |y STK0 | ||
| 952 | |0 0 |1 0 |2 ddc |4 0 |6 428_300000000000000_R400B |7 0 |8 400 |9 106067 |a qbu |b qbu |c D4 |d 2016-04-05 |g 158000 |l 1 |o 428.3 R400B |p 11842.c3 |r 2018-10-23 |s 2018-10-16 |w 2016-04-05 |y STK0 | ||